000
00230nam a2200097Ia 4500
008
240331s9999 xx 000 0 und d
082
_b
DES
100
_a
de Silva, K.M.. ed
245
0
_a
Sri Lanka :
_b
poblems of governance
942
_c
L
999
_c
2287
_d
2287